Prínos sovietskej slavistiky a balkanistiky v komplexnom štúdiu zákonitostí rozvoja národov strednej a juhovýchodnej Európy v epoche prechodu od feudalizmu ku kapitalizmu

Bibliographic Details
Main Author: Matula, Vladimír, 1928-2011 (Author)
Format: Article
Language:Slovak
PhysicalDescription:Lit. 32 zázn. v slov., ruš.
Subjects:

MARC

LEADER 00000nab a2200000 a 4500
001 vtls000168677
003 SK-MaSNL
005 20260304074145.0
008 250422c1983 xo 0 slo
015 |a SNBRB19rr/mm-uuuuu 
035 |a CL0178788 
035 |a (urnnbn)urn:nbn:sk:snk:ar-003ygw 
035 |a (uuid)f99f336d-dbee-44b6-9fee-2ead8ef720ed 
035 |a urn:nbn:sk:snk-ab7ubg 
040 |a SNKBUCL  |b slo  |c SNKBUCL  |e AACR2 
041 0 |a slo 
044 |a xo  |c SK 
080 |a 940.2  |2 1981 
080 |a 061.6(47  |2 1981 
100 1 |a Matula, Vladimír,  |d 1928-2011  |4 aut  |9 103212 
245 1 0 |a Prínos sovietskej slavistiky a balkanistiky v komplexnom štúdiu zákonitostí rozvoja národov strednej a juhovýchodnej Európy v epoche prechodu od feudalizmu ku kapitalizmu  |c Vladimír Matula 
300 |b Lit. 32 zázn. v slov., ruš. 
650 0 7 |a Ústav slavistiky a balkanistiky AV ZSSR  |2 snkbucl  |9 1363478 
651 7 |a Európa  |2 snkbucl  |9 167569 
655 7 |a články z novín a časopisov  |2 snkbucl  |9 267496 
773 0 |t Historický časopis  |g Roč. 31, č. 4 (1983), s. 614-626 
850 |a Slovenská národná knižnica 
852 |a Slovenská národná knižnica 
954 |a odborná, vedecká literatúra pôvodná (slovenská)  |2 lita 
958 |a article9 
958 |a OND 
958 |a RK 
958 |a ME 
958 |a SU 
958 |a EUIPO 
992 |a RBX 
999 |c 2774899  |d 2776829